Statystyki dla Skoki Narciarskie- zwycięzcy Letniego Grand Prix

Kliknij tutaj aby rozwiązać quiz!

Ogólne statystyki

  • Ten quiz został rozwiązany 182 razy
    (89 od ostatniego zresetowania)
  • Średni wynik to 16 z 29

Statystyki odpowiedzi

HintOdpowiedź% Poprawnych
2022Dawid Kubacki
96%
2020Dawid Kubacki
96%
2019Dawid Kubacki
96%
2017Dawid Kubacki
96%
2006Adam Małysz
92%
2001Adam Małysz
92%
2004Adam Małysz
92%
2016Maciej Kot
72%
2011Thomas Morgenstern
67%
2007Thomas Morgenstern
67%
2003Thomas Morgenstern
67%
2008Gregor Schlierenzauer
65%
2000Janne Ahonen
65%
2021Halvor Egner Granerud
60%
2009Simon Ammann
57%
2018Jewgienij Klimov
49%
1999Sven Hannawald
49%
1995Andreas Goldberger
44%
2013Andreas Wellinger
40%
2005Jakub Janda
36%
2012Andreas Wank
35%
2015Kento Sakuyama
32%
2010Daiki Itō
31%
1994Takanobu Okabe
28%
1998Masahiko Harada
26%
1997Masahiko Harada
26%
2014Jernej Damjan
24%
2002Andreas Widhoelzl
18%
1996Ari-Pekka Nikkola
10%

Rozkład punktacji

Percentyl według liczby udzielonych odpowiedzi

Procent ludzi z każdym wynikiem

Twoja historia wyników

Nie rozwiązałeś tego quizu od ostatniego zresetowania